[Event "XII Festival A"]
[Site "Trieste ITA"]
[Date "2010.09.08"]
[Round "6"]
[White "Rombaldoni, Axel"]
[Black "Roiz, Michael"]
[Result "1/2-1/2"]
[WhiteElo "2453"]
[BlackElo "2637"]
[PlyCount "38"]
[EventDate "2010.09.04"]

1. e4 c6 2. d4 d5 3. e5 Bf5 4. c3 e6 5. Be3 Nd7 6. Nd2 c5 7. Ne2 Ne7 8. Ng3 Bg6
9. Be2 Qb6 10. Qb3 cxd4 11. cxd4 Nc6 12. Qxb6 Nxb6 13. a3 Be7 14. O-O f6 15. f4
fxe5 16. fxe5 h5 17. b4 Rc8 18. Rac1 Kd7 19. Nb3 h4 1/2-1/2

[Event "XII Festival A"]
[Site "Trieste ITA"]
[Date "2010.09.08"]
[Round "6"]
[White "Sarno, Spartaco"]
[Black "Gregori, Giuliano"]
[Result "1-0"]
[WhiteElo "2329"]
[BlackElo "1946"]
[PlyCount "80"]
[EventDate "2010.09.04"]

1. Nf3 c5 2. g3 Nf6 3. Bg2 Nc6 4. O-O g6 5. c4 Bg7 6. Nc3 O-O 7. d4 cxd4 8.
Nxd4 Nxd4 9. Qxd4 d6 10. Qd3 a6 11. Bd2 Qc7 12. b3 Bd7 13. a4 Rab8 14. Rfc1
Rfc8 15. h3 Bc6 16. e4 Nd7 17. a5 b6 18. b4 Qd8 19. b5 Bb7 20. axb6 axb5 21.
cxb5 Nc5 22. Qb1 Qxb6 23. Be3 Qd8 24. Ra7 Bc6 25. e5 Bxg2 26. Kxg2 Bxe5 27. Nd5
e6 28. Ne7+ Kh8 29. Nxc8 Qxc8 30. Bxc5 dxc5 31. Qe4 Bd4 32. Rxf7 Kg8 33. Re7
Rb6 34. Ra7 Rb8 35. Re1 Rxb5 36. Ra8 Rb8 37. Rxb8 Qxb8 38. Qxe6+ Kg7 39. Qe7+
Kg8 40. Qd7 Qa8+ 1-0

[Event "XII Festival A"]
[Site "Trieste ITA"]
[Date "2010.09.08"]
[Round "6"]
[White "Tonel, Giulia"]
[Black "Walta, Paivi"]
[Result "1-0"]
[WhiteElo "1977"]
[BlackElo "1846"]
[PlyCount "147"]
[EventDate "2010.09.04"]

1. e4 c5 2. Nf3 d6 3. d4 cxd4 4. Bb5+ Bd7 5. Bxd7+ Qxd7 6. Nxd4 Nf6 7. Nc3 Nc6
8. Bg5 Qg4 9. Qxg4 Nxg4 10. Ndb5 O-O-O 11. h3 Nge5 12. a4 h6 13. Be3 Kb8 14. b3
e6 15. f4 Ng6 16. O-O Be7 17. Rad1 Rd7 18. Ne2 Rhd8 19. c3 Bf8 20. Rd2 a6 21.
Nbd4 Nge7 22. b4 d5 23. e5 Rc8 24. Nb3 Nf5 25. Bc5 Bxc5+ 26. Nxc5 Rdc7 27. Rb1
Na7 28. Kf2 a5 29. g4 Ne7 30. Nd4 Ka8 31. Nb5 Nxb5 32. axb5 b6 33. Na4 Rb7 34.
bxa5 bxa5 35. Ke3 Rc4 36. Ra2 Kb8 37. Rb3 Nc6 38. Rbb2 Na7 39. b6 Nc6 40. Rb5
g5 41. Rc5 gxf4+ 42. Kf2 Nxe5 43. Rxa5 Nd7 44. Nb2 Nxb6 45. Nxc4 Nxc4 46. Ra8+
Kc7 47. R2a7 Nd6 48. Rxb7+ Kxb7 49. Rh8 Ne4+ 50. Ke1 Kc7 51. Rxh6 Kd7 52. h4
Ke7 53. Rh8 f6 54. h5 Kf7 55. Rh7+ Kg8 56. Rc7 f5 57. gxf5 exf5 58. Ke2 Ng3+
59. Kf3 Nxh5 60. Rc5 Kf7 61. Rxd5 Ke6 62. Rd8 Ke5 63. c4 Ng7 64. Rd5+ Kf6 65.
Kxf4 Ne6+ 66. Kg3 Nc7 67. Rc5 Ne8 68. Ra5 Ke6 69. Kf4 Ng7 70. Ra6+ Kf7 71. Kg5
Ke7 72. Ra7+ Kf8 73. Kg6 Ne8 74. Rf7+ 1-0

[Event "XII Festival A"]
[Site "Trieste ITA"]
[Date "2010.09.08"]
[Round "6"]
[White "Tzermiadianos, Andreas"]
[Black "Hartl, Daniel"]
[Result "1-0"]
[WhiteElo "2426"]
[BlackElo "2233"]
[PlyCount "73"]
[EventDate "2010.09.04"]

1. e4 e5 2. Nf3 Nc6 3. Bc4 Nf6 4. d3 Be7 5. O-O O-O 6. Bb3 d5 7. exd5 Nxd5 8.
h3 Bf6 9. Re1 Re8 10. Nbd2 Na5 11. Nc4 Nxc4 12. dxc4 Nb4 13. Qxd8 Rxd8 14. Nxe5
Bf5 15. c3 Nc2 16. Bxc2 Bxc2 17. Ng4 Re8 18. Bf4 c6 19. Nxf6+ gxf6 20. Rxe8+
Rxe8 21. Be3 a6 22. Rc1 Bd3 23. b3 Bf5 24. Rd1 Re7 25. g4 Rd7 26. Bd4 Be6 27.
Re1 h5 28. Kh2 hxg4 29. hxg4 f5 30. g5 b5 31. cxb5 axb5 32. Kg3 Kf8 33. g6 c5
34. g7+ Kg8 35. Bf6 f4+ 36. Kxf4 Rd5 37. Re5 1-0

[Event "XII Festival A"]
[Site "Trieste ITA"]
[Date "2010.09.08"]
[Round "6"]
[White "Ulibin, Mikhail"]
[Black "Epishin, Vladimir V."]
[Result "1/2-1/2"]
[WhiteElo "2544"]
[BlackElo "2594"]
[PlyCount "67"]
[EventDate "2010.09.04"]

1. d4 Nf6 2. c4 c6 3. Nc3 d5 4. Nf3 a6 5. Ne5 Nbd7 6. Bf4 dxc4 7. Nxc4 Nd5 8.
Bd2 g6 9. e4 N5b6 10. Bg5 Nxc4 11. Bxc4 Bg7 12. Bb3 Qa5 13. Qd2 e5 14. dxe5
Qxe5 15. f4 Qc7 16. O-O-O O-O 17. f5 a5 18. Be7 b5 19. Rhf1 a4 20. Bxf8 Nxf8
21. f6 axb3 22. fxg7 Ne6 23. axb3 Kxg7 24. Qf2 b4 25. Qf6+ Kg8 26. Nb1 c5 27.
Rd5 Bb7 28. Re5 c4 29. Rxe6 cxb3+ 30. Kd2 fxe6 31. Qxe6+ Kg7 32. Qf6+ Kg8 33.
Qe6+ Kg7 34. Qf6+ 1/2-1/2

[Event "XII Festival A"]
[Site "Trieste ITA"]
[Date "2010.09.08"]
[Round "6"]
[White "Yrjola, Jouni"]
[Black "Mazi, Leon"]
[Result "0-1"]
[WhiteElo "2368"]
[BlackElo "2381"]
[PlyCount "50"]
[EventDate "2010.09.04"]

1. d4 d5 2. c4 dxc4 3. Nf3 Nf6 4. e3 e6 5. Bxc4 c5 6. O-O a6 7. Bb3 cxd4 8.
exd4 Be7 9. Nc3 O-O 10. Ne5 Nc6 11. Nxc6 bxc6 12. Qf3 Qxd4 13. Qxc6 Bd7 14. Qf3
Rfc8 15. Rd1 Qb4 16. Bd2 Qh4 17. Qf4 Qh5 18. Be3 Bc6 19. f3 Bd8 20. h4 h6 21.
Bf2 Bc7 22. Qe3 Rab8 23. Qe2 Qa5 24. Rd4 Rxb3 25. Qc4 Rxb2 0-1

[Event "XII Festival A"]
[Site "Trieste ITA"]
[Date "2010.09.09"]
[Round "7"]
[White "Archangelsky, Mikhail"]
[Black "Ottaviani, Gianluca"]
[Result "1-0"]
[WhiteElo "2212"]
[BlackElo "1936"]
[PlyCount "115"]
[EventDate "2010.09.04"]

1. Nf3 Nf6 2. c4 g6 3. Nc3 Bg7 4. e4 d6 5. d4 O-O 6. h3 e5 7. d5 a5 8. g4 Na6
9. Be3 Nd7 10. Nd2 Ndc5 11. Rg1 Kh8 12. a3 Bd7 13. g5 f5 14. f3 c6 15. h4 h5
16. b3 Qb6 17. Qc2 fxe4 18. fxe4 Rf4 19. Na4 Qd8 20. Nxc5 Nxc5 21. Rh1 cxd5 22.
Bxc5 dxc5 23. cxd5 Bg4 24. a4 Qb6 25. Rh2 Raf8 26. Bc4 Qb4 27. Rc1 Bf3 28. Qc3
Qxc3 29. Rxc3 Bxe4 30. d6 Bc6 31. Re3 e4 32. Bb5 Bd4 33. Bxc6 Bxe3 34. Bxb7
Bxd2+ 35. Kxd2 Rd8 36. Ke3 Rg4 37. Rd2 Rxh4 38. d7 Rh3+ 39. Kxe4 Rxb3 40. Bc6
Rb4+ 41. Kd5 Rd4+ 42. Rxd4 cxd4 43. Kxd4 Kg7 44. Ke5 Kf7 45. Kd6 h4 46. Be4 h3
47. Bc6 h2 48. Be4 Rh8 49. Bd5+ Kg7 50. Kc7 h1=Q 51. Bxh1 Rxh1 52. d8=Q Rf1 53.
Qd4+ Kg8 54. Qd5+ Rf7+ 55. Kb6 Kg7 56. Qxa5 Rf5 57. Qa7+ Rf7 58. Qxf7+ 1-0

[Event "XII Festival A"]
[Site "Trieste ITA"]
[Date "2010.09.09"]
[Round "7"]
[White "Biason, Adriano"]
[Black "Varini, Massimo"]
[Result "1/2-1/2"]
[WhiteElo "1928"]
[BlackElo "2105"]
[PlyCount "39"]
[EventDate "2010.09.04"]

1. d4 d5 2. c4 e6 3. Nc3 Be7 4. cxd5 exd5 5. e3 Nf6 6. Bd3 O-O 7. Nge2 c6 8.
O-O Bd6 9. f3 Qc7 10. Kh1 Bxh2 11. f4 Ng4 12. Rf3 Qe7 13. Qe1 f5 14. Rh3 Rf6
15. Qh4 Be6 16. Qxh7+ Kf7 17. Qh5+ Kg8 18. Qh8+ Kf7 19. Qh5+ Kg8 20. Qh8+
1/2-1/2

[Event "XII Festival A"]
[Site "Trieste ITA"]
[Date "2010.09.09"]
[Round "7"]
[White "De Val, Daniele"]
[Black "Yrjola, Jouni"]
[Result "1/2-1/2"]
[WhiteElo "2249"]
[BlackElo "2368"]
[PlyCount "48"]
[EventDate "2010.09.04"]

1. d4 g6 2. e4 Bg7 3. Nf3 d6 4. Be2 Nf6 5. Nc3 O-O 6. O-O Bg4 7. Bg5 Nc6 8. Qd2
Nd7 9. Nd5 Nf6 10. Nxf6+ exf6 11. Be3 f5 12. h3 Bxf3 13. Bxf3 f4 14. Bxf4 Nxd4
15. Bg4 h5 16. Bd1 Ne6 17. Be3 Nc5 18. Qb4 a5 19. Qc4 Qe7 20. Bf3 c6 21. Bxc5
dxc5 22. c3 b5 23. Qe2 c4 24. e5 Qxe5 1/2-1/2

[Event "XII Festival A"]
[Site "Trieste ITA"]
[Date "2010.09.09"]
[Round "7"]
[White "Epishin, Vladimir V."]
[Black "Mazi, Leon"]
[Result "1-0"]
[WhiteElo "2594"]
[BlackElo "2381"]
[PlyCount "93"]
[EventDate "2010.09.04"]

1. Nf3 c5 2. g3 b6 3. Bg2 Bb7 4. O-O Nf6 5. c4 e6 6. Nc3 Be7 7. Re1 d6 8. e4 a6
9. d3 O-O 10. Ng5 Nc6 11. h4 h6 12. Nh3 Nd7 13. Nf4 Re8 14. Be3 Rb8 15. Rc1 Ba8
16. b3 b5 17. Kh2 Bf8 18. Bh3 Nde5 19. Rf1 Nd4 20. Bg2 g6 21. Nh3 h5 22. f3 Bg7
23. Nf2 b4 24. Bxd4 cxd4 25. Ne2 Nd7 26. f4 a5 27. Ng1 a4 28. Nf3 Qa5 29. Ng5
Bc6 30. Bh3 f5 31. Re1 Bf6 32. Bg2 Ba8 33. Rc2 Bxg5 34. hxg5 Nc5 35. exf5 axb3
36. axb3 Bxg2 37. fxg6 Ba8 38. Qxh5 Qc7 39. Ng4 Qg7 40. f5 exf5 41. Nf6+ Kf8
42. Nxe8 Rxe8 43. Rxe8+ Kxe8 44. Qh7 Kf8 45. Rf2 Qxh7+ 46. gxh7 Kg7 47. g6 1-0

[Event "XII Festival A"]
[Site "Trieste ITA"]
[Date "2010.09.09"]
[Round "7"]
[White "Fehr, Axel"]
[Black "Tonel, Giulia"]
[Result "1-0"]
[WhiteElo "2147"]
[BlackElo "1977"]
[PlyCount "65"]
[EventDate "2010.09.04"]

1. c4 Nf6 2. Nc3 g6 3. g3 Bg7 4. Bg2 O-O 5. Rb1 e5 6. d3 c6 7. e4 Na6 8. Nge2
Nc7 9. O-O d5 10. cxd5 cxd5 11. Bg5 Be6 12. exd5 Ncxd5 13. d4 exd4 14. Nxd4
Nxc3 15. Nxe6 Qxd1 16. Rfxd1 Nxd1 17. Nxf8 Nxf2 18. Kxf2 Ng4+ 19. Ke2 Re8+ 20.
Kd2 Kxf8 21. h3 Ne5 22. b3 h6 23. Be3 Rd8+ 24. Ke2 b6 25. Rc1 Rd7 26. Rc8+ Ke7
27. Rg8 Kf6 28. Be4 g5 29. a4 Ng6 30. Re8 Nf8 31. Bc1 Re7 32. Bb2+ Ke6 33.
Rxe7+ 1-0

[Event "XII Festival A"]
[Site "Trieste ITA"]
[Date "2010.09.09"]
[Round "7"]
[White "Hartl, Daniel"]
[Black "Bogdanovski, Vlatko"]
[Result "0-1"]
[WhiteElo "2233"]
[BlackElo "2398"]
[PlyCount "106"]
[EventDate "2010.09.04"]

1. d4 Nf6 2. c4 e6 3. g3 Bb4+ 4. Bd2 c5 5. Bxb4 cxb4 6. Bg2 O-O 7. e4 d6 8. Ne2
e5 9. O-O Nc6 10. a3 bxa3 11. Nxa3 b6 12. Qd3 Bb7 13. Rfd1 Qe7 14. f3 a5 15.
Qe3 Rab8 16. dxe5 dxe5 17. Qxb6 Ba8 18. Qe3 Rxb2 19. c5 Rfb8 20. Nc4 R2b3 21.
Qf2 Qc7 22. Nb6 Bb7 23. Nd5 Qd8 24. Nc1 Rb4 25. Qc2 Nd4 26. Nxb4 axb4 27. Qc4
Bc6 28. Rb1 Qa5 29. Rxd4 exd4 30. Qxd4 Rd8 31. Qe3 Rd1+ 32. Kf2 Nd7 33. Rb2 Qa1
34. Rxb4 Rxc1 35. Qd2 h6 36. Bh3 Rd1 37. Qb2 Qa7 38. Qc2 Ra1 39. Bxd7 Qxd7 40.
Rb8+ Kh7 41. Rb1 Qd4+ 42. Kg2 Ba4 43. Qb2 Qxb2+ 44. Rxb2 Rc1 45. Rb7 Rc2+ 46.
Kh3 f6 47. Rc7 h5 48. f4 Kh6 49. e5 fxe5 50. fxe5 g5 51. g4 h4 52. e6 Bb5 53.
Rf7 Bc6 0-1

[Event "XII Festival A"]
[Site "Trieste ITA"]
[Date "2010.09.09"]
[Round "7"]
[White "Laco, Giuseppe"]
[Black "Sarno, Spartaco"]
[Result "0-1"]
[WhiteElo "2126"]
[BlackElo "2329"]
[PlyCount "96"]
[EventDate "2010.09.04"]

1. c4 g6 2. Nc3 Bg7 3. d4 Nf6 4. e4 d6 5. f3 O-O 6. Be3 Nc6 7. Nge2 a6 8. g4
Rb8 9. a4 Re8 10. h4 h5 11. g5 Nd7 12. Bg2 Na5 13. b3 c5 14. d5 Ne5 15. Ra2 e6
16. O-O b5 17. cxb5 exd5 18. Nxd5 axb5 19. Nec3 bxa4 20. bxa4 Ba6 21. Rff2 Nd3
22. Rad2 Nxf2 23. Bxf2 Nc4 24. Rc2 Nb2 25. Qd2 Nd3 26. Bg3 Nb4 27. Rc1 Nxd5 28.
Qxd5 Qa5 29. Be1 Qb6 30. a5 Qxa5 31. Qxd6 Rbd8 32. Qg3 Qa3 33. Rc2 Qb3 34. Rc1
Qb2 35. Rb1 Qc2 36. Rb6 Be5 37. f4 Rd3 38. Qxd3 Qxd3 39. fxe5 Qe3+ 40. Bf2 Qxc3
41. Rxa6 Qc1+ 42. Kh2 Qf4+ 43. Bg3 Qd2 44. Rf6 c4 45. Bf4 Qe2 46. Rd6 c3 47.
Rd7 Qg4 48. Bg3 Qxd7 0-1

[Event "XII Festival A"]
[Site "Trieste ITA"]
[Date "2010.09.09"]
[Round "7"]
[White "Petrachi, Gianni"]
[Black "De Dreu, Dies"]
[Result "1-0"]
[WhiteElo "1899"]
[BlackElo "2019"]
[PlyCount "77"]
[EventDate "2010.09.04"]

1. e4 e5 2. Nf3 Nc6 3. Bb5 a6 4. Ba4 Nf6 5. O-O Be7 6. Re1 b5 7. Bb3 O-O 8. a4
Bb7 9. c3 d6 10. d4 Re8 11. Nbd2 Bf8 12. d5 Nb8 13. Nf1 Nbd7 14. Bc2 c6 15.
dxc6 Bxc6 16. Ng3 g6 17. Bg5 Qc7 18. Qd2 Be7 19. h3 Nc5 20. a5 Rad8 21. Bh6 Bd7
22. Nh4 Nfxe4 23. Bxe4 Bxh4 24. Bg5 Bxg5 25. Qxg5 Ne6 26. Qh6 Ng7 27. Bd5 Be6
28. Ne4 Kf8 29. Nf6 Bxd5 30. Nxh7+ Ke7 31. Qxg7 Rg8 32. Qf6+ Kd7 33. Rad1 Qc6
34. Qg5 Kc7 35. Nf6 Bb3 36. Nxg8 Rxg8 37. Qe7+ Kc8 38. Rxd6 Qe8 39. Rxe5 1-0

[Event "XII Festival A"]
[Site "Trieste ITA"]
[Date "2010.09.09"]
[Round "7"]
[White "Roiz, Michael"]
[Black "Piscopo, Pierluigi"]
[Result "1-0"]
[WhiteElo "2637"]
[BlackElo "2424"]
[PlyCount "57"]
[EventDate "2010.09.04"]

1. Nf3 d6 2. d4 Bg4 3. c4 Nd7 4. Nc3 g6 5. Ng5 Ndf6 6. h3 Bd7 7. Qb3 e5 8. c5
Nh6 9. dxe5 dxe5 10. e4 Bg7 11. Qxb7 Rb8 12. Qa6 O-O 13. Be2 Qe7 14. Qc4 Rfd8
15. O-O Bc6 16. Nf3 Rd4 17. Qa6 Qxc5 18. Nxd4 exd4 19. Na4 Bxa4 20. Qxa4 Nxe4
21. Bf4 Qb6 22. Qc2 Nc5 23. Rac1 Qxb2 24. Bxc7 d3 25. Bxd3 Nxd3 26. Bxb8 Nxc1
27. Qc8+ Bf8 28. Rxc1 Nf5 29. Bxa7 1-0

[Event "XII Festival A"]
[Site "Trieste ITA"]
[Date "2010.09.09"]
[Round "7"]
[White "Sevenyuk, Alexey"]
[Black "Gregori, Giuliano"]
[Result "0-1"]
[WhiteElo "1920"]
[BlackElo "1946"]
[PlyCount "67"]
[EventDate "2010.09.04"]

1. e4 c6 2. d4 d5 3. Nc3 dxe4 4. Nxe4 Bf5 5. Ng3 Bg6 6. Nf3 e6 7. Bd3 Nd7 8. h4
Ngf6 9. h5 Bxd3 10. Qxd3 Qc7 11. Rh4 Bd6 12. Ne4 Nxe4 13. Qxe4 O-O-O 14. Bf4
Nf6 15. Qe3 Nd5 16. Bxd6 Nxe3 17. Bxc7 Nxg2+ 18. Ke2 Nxh4 19. Bxd8 Nxf3 20.
Kxf3 Rxd8 21. Ke4 Rd5 22. Rg1 g6 23. hxg6 hxg6 24. Rh1 Kd7 25. c4 Rf5 26. f3 c5
27. d5 exd5+ 28. cxd5 Rh5 29. Rc1 Kd6 30. Rc3 Re5+ 31. Kf4 Rxd5 32. Ra3 a6 33.
Rb3 Kc6 34. a4 0-1

[Event "XII Festival A"]
[Site "Trieste ITA"]
[Date "2010.09.09"]
[Round "7"]
[White "Sorbera, Giovanni"]
[Black "Suc, Timothy"]
[Result "1/2-1/2"]
[WhiteElo "2057"]
[BlackElo "2014"]
[PlyCount "50"]
[EventDate "2010.09.04"]

1. e4 e6 2. d4 d5 3. Nc3 Nf6 4. e5 Nfd7 5. f4 c5 6. Nce2 Nc6 7. c3 Be7 8. Nf3
O-O 9. g3 cxd4 10. cxd4 f6 11. Bg2 fxe5 12. fxe5 Qb6 13. h4 Ndxe5 14. dxe5 Bb4+
15. Bd2 Nxe5 16. Nf4 Nc4 17. Bxb4 Qxb4+ 18. Kf2 e5 19. Qxd5+ Kh8 20. Nd3 Qb6+
21. Qc5 e4 22. Qxb6 axb6 23. Nf4 exf3 24. Bxf3 Nxb2 25. Rhb1 Na4 1/2-1/2

[Event "XII Festival A"]
[Site "Trieste ITA"]
[Date "2010.09.09"]
[Round "7"]
[White "Tzermiadianos, Andreas"]
[Black "Rombaldoni, Axel"]
[Result "1/2-1/2"]
[WhiteElo "2426"]
[BlackElo "2453"]
[PlyCount "108"]
[EventDate "2010.09.04"]

1. e4 c5 2. c3 e5 3. Nf3 Nc6 4. Bc4 Qc7 5. d3 Be7 6. Nbd2 Nf6 7. Nf1 Na5 8. Qc2
d5 9. exd5 O-O 10. Ne3 Nxc4 11. dxc4 e4 12. Nd2 Qe5 13. f3 Bd6 14. Nxe4 Nxe4
15. Qxe4 Qxe4 16. fxe4 Re8 17. O-O Rxe4 18. Bd2 Bd7 19. b3 Rae8 20. Nf5 Bf8 21.
Ng3 Rg4 22. Rae1 Rxe1 23. Rxe1 Rg6 24. Bf4 a6 25. Bc7 b5 26. h3 Rh6 27. Bd8 f5
28. Be7 bxc4 29. bxc4 Rb6 30. Bxf8 Kxf8 31. Rf1 Ke7 32. Nxf5+ Bxf5 33. Rxf5 Rb2
34. Rf2 Rb1+ 35. Kh2 Rc1 36. Re2+ Kf7 37. Rf2+ Ke7 38. Re2+ Kf7 39. Re3 Ra1 40.
Kg3 Rxa2 41. Kf3 a5 42. Re2 Ra3 43. Re3 Ra2 44. g4 a4 45. Kf4 a3 46. Ke5 Rb2
47. Rf3+ Ke8 48. d6 a2 49. d7+ Kxd7 50. Rf7+ Kc6 51. Ra7 Re2+ 52. Kf5 Kb6 53.
Ra3 Kc6 54. Ra7 Kb6 1/2-1/2

[Event "XII Festival A"]
[Site "Trieste ITA"]
[Date "2010.09.09"]
[Round "7"]
[White "Vidic, Miha"]
[Black "Srebrnic, Vojko"]
[Result "1/2-1/2"]
[WhiteElo "2016"]
[BlackElo "2178"]
[PlyCount "127"]
[EventDate "2010.09.04"]

1. d4 Nf6 2. c4 g6 3. Nc3 Bg7 4. e4 d6 5. f3 c6 6. Be3 a6 7. Bd3 b5 8. b3 Nbd7
9. Nge2 Bb7 10. O-O O-O 11. Qd2 e5 12. d5 b4 13. Na4 c5 14. g4 Ne8 15. Ng3 Bf6
16. Rf2 Bh4 17. Rg2 f6 18. Kf1 Bg5 19. Ke2 Ng7 20. Rh1 Bc8 21. h4 Bxe3 22. Qxe3
Nb6 23. Nxb6 Qxb6 24. g5 f5 25. exf5 Bxf5 26. h5 e4 27. Bxe4 Rae8 28. h6 Bxe4
29. fxe4 Nf5 30. Nxf5 gxf5 31. Kd1 Rxe4 32. Qf3 Qd8 33. g6 Qf6 34. gxh7+ Kxh7
35. Kc2 Rfe8 36. Rf1 R8e5 37. Qg3 Re2+ 38. Rxe2 Rxe2+ 39. Kd1 Rxa2 40. Qg7+
Qxg7 41. hxg7 Kxg7 42. Rxf5 Rb2 43. Rf3 a5 44. Kc1 Ra2 45. Re3 a4 46. bxa4 Rxa4
47. Re6 Ra3 48. Rxd6 Rc3+ 49. Kb2 Rxc4 50. Rc6 Kf7 51. Ka2 Rc3 52. Kb2 Ke7 53.
Ka2 Kd7 54. Kb2 Ke8 55. Ka2 Kd8 56. Kb2 Kd7 57. Ka2 Ra3+ 58. Kb2 Ra5 59. Kb3
Rb5 60. Kc4 Rb8 61. Kb3 Rc8 62. Rh6 Kc7 63. Kc4 Kd7 64. Rg6 1/2-1/2

[Event "XII Festival A"]
[Site "Trieste ITA"]
[Date "2010.09.09"]
[Round "7"]
[White "Walta, Paivi"]
[Black "Pompili, Ugo"]
[Result "1-0"]
[WhiteElo "1846"]
[BlackElo "1877"]
[PlyCount "89"]
[EventDate "2010.09.04"]

1. e4 e5 2. Bc4 c6 3. Qe2 Nf6 4. Nf3 Be7 5. Nxe5 O-O 6. O-O d5 7. exd5 cxd5 8.
Bb3 Nc6 9. Nxc6 bxc6 10. d3 Bd6 11. h3 Bb7 12. Nd2 Qc7 13. Nf3 c5 14. c3 a5 15.
Ba4 Bc6 16. Bxc6 Qxc6 17. Bg5 Rfe8 18. Qd2 Nd7 19. d4 c4 20. Qc2 h6 21. Be3 Nf6
22. Rae1 Ne4 23. Re2 a4 24. a3 Rab8 25. Rfe1 Rb7 26. Nh4 Ra8 27. Bc1 Qd7 28.
Nf3 f6 29. Qd1 g5 30. Nh2 f5 31. f3 Bxh2+ 32. Kxh2 Nf6 33. Re6 Rf8 34. R1e5 Qc7
35. Kg1 f4 36. Qxa4 Qg7 37. Qc2 Rbf7 38. Qe2 h5 39. h4 Nh7 40. Rxd5 gxh4 41.
Rxh5 Qg3 42. Bd2 Ng5 43. Be1 Nh3+ 44. Kh1 Qg7 45. gxh3 1-0

[Event "XII Festival A"]
[Site "Trieste ITA"]
[Date "2010.09.10"]
[Round "8"]
[White "Bogdanovski, Vlatko"]
[Black "Piscopo, Pierluigi"]
[Result "1-0"]
[WhiteElo "2398"]
[BlackElo "2424"]
[PlyCount "47"]
[EventDate "2010.09.04"]

1. d4 Nf6 2. c4 c5 3. d5 e6 4. Nc3 exd5 5. cxd5 d6 6. Nf3 g6 7. h3 Bg7 8. e4 a6
9. a4 Nbd7 10. Bd3 Nh5 11. Bg5 Bf6 12. Bh6 Ne5 13. Be2 Nxf3+ 14. Bxf3 Ng7 15.
Qd2 O-O 16. O-O Rb8 17. Rab1 Qa5 18. Bf4 Rd8 19. Rfe1 Ne8 20. e5 dxe5 21. Rxe5
Bg7 22. Re7 Bf5 23. Bxb8 Bxb1 24. Qe3 1-0

[Event "XII Festival A"]
[Site "Trieste ITA"]
[Date "2010.09.10"]
[Round "8"]
[White "Cherin, Diego"]
[Black "Fehr, Axel"]
[Result "0-1"]
[WhiteElo "2285"]
[BlackElo "2147"]
[PlyCount "82"]
[EventDate "2010.09.04"]

1. e4 c6 2. d4 d5 3. e5 c5 4. Bb5+ Nc6 5. dxc5 e6 6. Be3 Nge7 7. c3 Bd7 8. Bxc6
Bxc6 9. Bd4 a5 10. Ne2 Nf5 11. O-O Be7 12. Nd2 Qc7 13. a4 O-O 14. Re1 Nxd4 15.
cxd4 b6 16. cxb6 Qxb6 17. b3 Bb4 18. Rf1 Bb7 19. f4 Ba6 20. Nf3 Rac8 21. Kf2
Be7 22. Rb1 Bb4 23. h3 f6 24. Kg3 Qa7 25. Kh2 Rc7 26. Rf2 Be7 27. Qd2 Qb6 28.
Qe3 f5 29. g4 fxg4 30. hxg4 Rc2 31. Kg3 Qb4 32. Rh2 Bxe2 33. Rxe2 Rc3 34. Qd2
Bg5 35. fxg5 Rfxf3+ 36. Kh2 Rh3+ 37. Kg1 Rcg3+ 38. Kf1 Qf8+ 39. Rf2 Rf3 40. Rb2
Rxf2+ 41. Qxf2 Rf3 0-1

[Event "XII Festival A"]
[Site "Trieste ITA"]
[Date "2010.09.10"]
[Round "8"]
[White "De Dreu, Dies"]
[Black "Castelfranchi, Carlo"]
[Result "0-1"]
[WhiteElo "2019"]
[BlackElo "2121"]
[PlyCount "66"]
[EventDate "2010.09.04"]

1. d4 Nf6 2. c4 g6 3. Nc3 d5 4. Nf3 Bg7 5. Bf4 c5 6. e3 cxd4 7. exd4 O-O 8. Be2
Nc6 9. O-O Bf5 10. Rc1 Nh5 11. Be3 dxc4 12. Bxc4 Rc8 13. b3 Nf6 14. d5 Na5 15.
Be2 Rxc3 16. Rxc3 Nxd5 17. Rc5 Nc3 18. Rxc3 Bxc3 19. Bxa7 Nc6 20. Qxd8 Rxd8 21.
Bb6 Ra8 22. a4 Be6 23. Rb1 Na5 24. Bxa5 Rxa5 25. Bb5 Ra8 26. Kf1 Rd8 27. Ke2 b6
28. Bd3 Bb4 29. Bb5 Rc8 30. Ne1 Rc3 31. Nd3 Bf5 32. f3 Rc2+ 33. Kf1 Rd2 0-1

[Event "XII Festival A"]
[Site "Trieste ITA"]
[Date "2010.09.10"]
[Round "8"]
[White "Gregori, Giuliano"]
[Black "Laco, Giuseppe"]
[Result "0-1"]
[WhiteElo "1946"]
[BlackElo "2126"]
[PlyCount "62"]
[EventDate "2010.09.04"]

1. d4 f5 2. Nc3 Nf6 3. Bg5 e6 4. e4 fxe4 5. Nxe4 Be7 6. Bxf6 Bxf6 7. Nf3 d5 8.
Ng3 c5 9. c3 Qb6 10. Qc2 Nc6 11. dxc5 Qxc5 12. Bd3 g6 13. Bxg6+ hxg6 14. Qxg6+
Ke7 15. Ng5 Bxc3+ 16. Kf1 Rf8 17. Qh7+ Kd8 18. Nf7+ Ke8 19. Nd6+ Qxd6 20. bxc3
Qf4 21. Qc2 Bd7 22. Rb1 Na5 23. Kg1 Rc8 24. h4 b5 25. h5 Nc4 26. h6 Nd2 27.
Qg6+ Kd8 28. Rb4 Qxf2+ 29. Kh2 Nf3+ 30. Kh3 e5+ 31. Rg4 Rc4 0-1

[Event "XII Festival A"]
[Site "Trieste ITA"]
[Date "2010.09.10"]
[Round "8"]
[White "Jovic, Stanoje"]
[Black "Kovchan, Alexander"]
[Result "0-1"]
[WhiteElo "2290"]
[BlackElo "2562"]
[PlyCount "92"]
[EventDate "2010.09.04"]

1. c4 e5 2. Nc3 c5 3. Nf3 Nc6 4. g3 g6 5. Bg2 Bg7 6. O-O d6 7. Ne1 Be6 8. Qa4
Nge7 9. Nc2 O-O 10. Ne3 f5 11. Ned5 f4 12. Nxe7+ Qxe7 13. Nd5 Qf7 14. d3 Nd4
15. Qd1 Bg4 16. f3 Be6 17. e3 fxe3 18. Bxe3 Nf5 19. f4 Nxe3 20. Nxe3 exf4 21.
Rxf4 Qd7 22. Nd5 Be5 23. Rxf8+ Rxf8 24. Qe2 Bg4 25. Qe4 Kh8 26. Rf1 Re8 27. Kh1
Bxb2 28. Qf4 Be2 29. Nf6 Bxf6 30. Qxf6+ Qg7 31. Qxg7+ Kxg7 32. Re1 Re5 33. Rb1
Bxd3 34. Rxb7+ Kf6 35. Bd5 Be4+ 36. Bxe4 Rxe4 37. Rxh7 Rxc4 38. Rxa7 Rc2 39. a4
c4 40. Rc7 d5 41. a5 Ra2 42. Rc6+ Ke5 43. a6 Kd4 44. Rxg6 c3 45. Rc6 c2 46. a7
Kd3 0-1

[Event "XII Festival A"]
[Site "Trieste ITA"]
[Date "2010.09.10"]
[Round "8"]
[White "Mazi, Leon"]
[Black "Sorbera, Giovanni"]
[Result "1-0"]
[WhiteElo "2381"]
[BlackElo "2057"]
[PlyCount "85"]
[EventDate "2010.09.04"]

1. e4 Nf6 2. e5 Nd5 3. d4 d6 4. Nf3 dxe5 5. Nxe5 c6 6. Nd2 Nd7 7. Ndf3 Nxe5 8.
Nxe5 Bf5 9. Qf3 e6 10. Bd3 Bb4+ 11. Kd1 Qf6 12. Bxf5 Qxf5 13. Qxf5 exf5 14. c4
Nb6 15. Kc2 O-O 16. b3 Rfd8 17. Bb2 Nd7 18. Nxd7 Rxd7 19. Rad1 Re8 20. Bc3 Bxc3
21. Kxc3 Re2 22. Rhe1 Rde7 23. Rxe2 Rxe2 24. d5 cxd5 25. Rxd5 Kf8 26. Rd2 Rxd2
27. Kxd2 g5 28. Ke3 Ke7 29. f4 f6 30. b4 Kd6 31. h3 h5 32. g3 a6 33. h4 gxh4
34. gxh4 b6 35. Kd4 Kc6 36. a4 Kd6 37. c5+ bxc5+ 38. bxc5+ Kc6 39. Kc4 a5 40.
Kd4 Kc7 41. c6 Kc8 42. Kc5 Kc7 43. Kb5 1-0

[Event "XII Festival A"]
[Site "Trieste ITA"]
[Date "2010.09.10"]
[Round "8"]
[White "Mocchi, Tullio"]
[Black "Vidic, Miha"]
[Result "1/2-1/2"]
[WhiteElo "2248"]
[BlackElo "2016"]
[PlyCount "82"]
[EventDate "2010.09.04"]

1. e4 e6 2. d4 d5 3. Nd2 c5 4. exd5 exd5 5. Bb5+ Nc6 6. Ngf3 Bd6 7. dxc5 Bxc5
8. O-O Nge7 9. Nb3 Bd6 10. Bg5 f6 11. Bh4 O-O 12. Bg3 Bg4 13. Be2 Re8 14. Bxd6
Qxd6 15. Re1 Rac8 16. c3 Ng6 17. Nfd4 Bxe2 18. Rxe2 Nf4 19. Rd2 Ne5 20. Nf5 Qd7
21. Ne3 Rcd8 22. Rd4 g5 23. c4 Nxc4 24. Nxd5 Nxd5 25. Rxc4 Nf4 26. Qxd7 Rxd7
27. g3 Ng6 28. Rac1 Ne5 29. Rc8 Rxc8 30. Rxc8+ Kf7 31. h3 h5 32. Rc1 h4 33. Kf1
hxg3 34. fxg3 Kg6 35. Ke2 Rh7 36. Rh1 f5 37. Nd4 Rd7 38. Rd1 Rh7 39. Nf3 Nxf3
40. Rd6+ Kh5 41. Kxf3 g4+ 1/2-1/2

[Event "XII Festival A"]
[Site "Trieste ITA"]
[Date "2010.09.10"]
[Round "8"]
[White "Ottaviani, Gianluca"]
[Black "Walta, Paivi"]
[Result "1-0"]
[WhiteElo "1936"]
[BlackElo "1846"]
[PlyCount "79"]
[EventDate "2010.09.04"]

1. e4 c5 2. d4 cxd4 3. c3 dxc3 4. Nxc3 Nc6 5. Nf3 d6 6. Bc4 Nf6 7. O-O e6 8.
Qe2 Be7 9. Rd1 e5 10. Be3 O-O 11. Rac1 a6 12. Bb3 Bg4 13. h3 Bh5 14. Bd5 Qe8
15. b4 Nxb4 16. Bxb7 Rb8 17. Bxa6 Nxa6 18. Qxa6 Bxf3 19. gxf3 Qd7 20. Kh2 Ra8
21. Qe2 Rfc8 22. f4 exf4 23. Bxf4 Qe6 24. Bg3 h6 25. a4 Rc5 26. Qf3 Rb8 27. Nd5
Nxd5 28. Rxc5 dxc5 29. Bxb8 Nf4 30. e5 Ng6 31. Qa8 Kh7 32. Bd6 Nxe5 33. Qe4+
Ng6 34. Qxe6 fxe6 35. Bxe7 Nxe7 36. Rc1 Nd5 37. Rxc5 Kg6 38. a5 Nb4 39. Rb5 Nd5
40. Rxd5 1-0